Name The Batman Movies - Statistics

General Stats
  • This quiz has been taken 209 times
    39 since last reset
  • The average score is 17 of 28
Answer Stats
Year Movie % Correct
1966 Batman
100%
1989 Batman
100%
2022 The Batman
100%
2008 The Dark Knight
97%
1997 Batman and Robin
93%
2005 Batman Begins
93%
2012 The Dark Knight Rises
90%
1992 Batman Returns
86%
2021 Zack Snyder's Justice League
86%
2017 Justice League
83%
1995 Batman Forever
79%
2016 Batman v. Superman: Dawn of Justice
79%
2027 The Batman Part II
76%
2016 Suicide Squad
66%
2023 The Flash
66%
2021 The Suicide Squad
66%
2017 The Lego Batman Movie
55%
2014 The Lego Movie
45%
2019 Joker
31%
2019 The Lego Movie 2: The Second Part
31%
1993 Batman: Mask of the Phantasm
28%
2020 Birds of Prey
24%
2024 Joker: Folie a Deux
24%
2004 Catwoman
21%
2026 Clayface
14%
2022 DC League of Super-Pets
14%
2025 Aztec Batman: Clash of Empires
3%
2021 Space Jam: A New Legacy
3%
No matching quizzes found
Score Distribution
Percent of People with Each Score
Percentile by Number Answered
Your Score History
You have not taken this quiz since the last reset